Vol. 71, № 15; Analytical Chemistry

Dettagli Bibliografici
Parent link:Analytical Chemistry/ American Chemical Society. Vol. 71, № 15.— , 1947-1973, 1976-1990, 1993-2002
Lingua:inglese
Pubblicazione: 1999
Natura: Libro
KOHA link:https://koha.lib.tpu.ru/cgi-bin/koha/opac-detail.pl?biblionumber=560900

MARC

LEADER 00000nam2a2200000 4500
001 560900
005 20251106171343.0
035 |a (RuTPU)RU\TPU\prd\256014 
035 |a RU\TPU\prd\256012 
090 |a 560900 
100 |a 20160420d1999 k||y0rusy50 ba 
101 0 |a eng 
102 |a US 
105 |a a z 000yy 
200 0 |a Vol. 71, № 15 
210 |d 1999 
215 |a p. 495A-568A, p. 2957-3304 
461 1 |0 379637  |t Analytical Chemistry  |f American Chemical Society  |v Vol. 71, № 15  |d 1947-1973, 1976-1990, 1993-2002  |9 379637 
801 0 |a RU  |b 63413507  |c 20010227  |g PSBO 
801 1 |a RU  |b 63413507  |c 20020228  |g PSBO 
801 2 |a RU  |b 63413507  |c 20191023  |g PSBO 
942 |c CR